书目信息 |
| 题名: |
重审近代中国的结社
|
|
| 作者: | 孙江, 著 | |
| 分册: | ||
| 出版信息: | 北京 商务印书馆 2021.12 |
|
| 页数: | 314页 | |
| 开本: | 23cm | |
| 丛书名: | 学衡社会史丛书 | |
| 单 册: | ||
| 中图分类: | D693.75 | |
| 科图分类: | ||
| 主题词: | 结社--jie she--研究--中国--近代 | |
| 电子资源: | ||
| ISBN: | 978-7-100-20189-6 | |
| 000 | 01427nam 2200265 450 | |
| 001 | 28576 | |
| 005 | 20221010173224.87 | |
| 010 | @a978-7-100-20189-6@b精装@dCNY128.00 | |
| 100 | @a20220114d2021 em y0chiy50 ea | |
| 101 | 0 | @achi |
| 102 | @aCN@b110000 | |
| 105 | @aa a 000yy | |
| 200 | 1 | @a重审近代中国的结社@Azhong shen jin dai zhong guo de jie she@f孙江著 |
| 210 | @a北京@c商务印书馆@d2021.12 | |
| 215 | @a314页@c图@d23cm | |
| 225 | 2 | @a学衡社会史丛书@Axue heng she hui shi cong shu |
| 314 | @a孙江, 南京大学政府管理学院暨历史学院教授、学衡研究院院长、中国会党史研究会会长。 | |
| 320 | @a有书目 (第280-304页) | |
| 330 | @a关于中国秘密结社历史, 充斥着各种似是而非的叙述, 《重审近代中国的结社》一书系作者对大量史料进行实证研究的基础上, 在理论和叙事上做出的具有原创意义的尝试。本书三编十一章皆为重审结社之实证研究。对中国、日本、欧美等不同语境的秘密结社叙述进行批判性考察, 指出秘密结社实际上在思想信仰上和主流价值并行不悖。从这个角度出发, 作者仍然侧重解读民国时期结社行为的相关记述, 提出秘密结社是处于“实体”和“言说”间的存在, 是中国社会普遍存在的人际关系及其网络的纽节。因此, 研究秘密结社, 叙述应该建立在对各种权力表述的“秘密结社”言说的对抗之上, 侧重解构一个历史上真正存在着的社会。 | |
| 410 | 0 | @12001 @a学衡社会史丛书 |
| 606 | 0 | @a结社@Ajie she@x研究@y中国@z近代 |
| 690 | @aD693.75@v5 | |
| 701 | 0 | @a孙江,@Asun jiang@f1963-@4著 |
| 801 | 0 | @aCN@c20220910 |
| 905 | @a河南城建学院图书馆@dD693.75@eS922@f1 | |
| 重审近代中国的结社/孙江著.-北京:商务印书馆,2021.12 |
| 314页:图;23cm.-(学衡社会史丛书) |
| ISBN 978-7-100-20189-6(精装):CNY128.00 |
| 关于中国秘密结社历史, 充斥着各种似是而非的叙述, 《重审近代中国的结社》一书系作者对大量史料进行实证研究的基础上, 在理论和叙事上做出的具有原创意义的尝试。本书三编十一章皆为重审结社之实证研究。对中国、日本、欧美等不同语境的秘密结社叙述进行批判性考察, 指出秘密结社实际上在思想信仰上和主流价值并行不悖。从这个角度出发, 作者仍然侧重解读民国时期结社行为的相关记述, 提出秘密结社是处于“实体”和“言说”间的存在, 是中国社会普遍存在的人际关系及其网络的纽节。因此, 研究秘密结社, 叙述应该建立在对各种权力表述的“秘密结社”言说的对抗之上, 侧重解构一个历史上真正存在着的社会。 |
| ● |
| 相关链接 |
|
|
|
正题名:重审近代中国的结社
索取号:D693.75/S922
 
预约/预借
| 序号 | 登录号 | 条形码 | 馆藏地/架位号 | 状态 | 备注 |
| 1 | 1581618 | 215816188 | 社科库509/509社科库 77排7列2层/ [索取号:D693.75/S922] | 在馆 |